000 00735cam a2200241 a 4500
008
020 _a0802086152 (pbk.)
049 _aMAIN
090 _aRA972
_bPET
100 1 _aPeterkin, Allan.
245 1 0 _aStaying human during residency training /
_cAllan D. Peterkin.
250 _a3rd ed.
260 _aToronto ;
_aBuffalo :
_bUniversity of Toronto Press,
_cc2004.
300 _axvi, 166 p. ;
_c23 cm.
500 _aIncludes index.
504 _aIncludes bibliographical references.
650 0 _aResidents (Medicine)
_xHandbooks, manuals, etc.
907 _a.b10354542
_b02-02-15
_c02-02-15
003
005 20230123122135.0
040 _cNUST
942 _cBOOKS
_kRA972
_mPET
999 _c128486
_d128486